000 00984nac a22003137a 4500
001 BR6001677
003 BR-BrBNA
005 20240105113012.0
008 230509b bl.|||m| |||| 00| 0 por d
040 _aBR-BrBNA
_bpor
_cBiblioteca Nacional de Agricultura
072 _aF10
090 _aF10 BR6001677
100 1 _aBastos, T.X.
110 1 _aInstituto de Pesquisas e Experimentacao Agropecuarias do Norte, Belem, PA (Brasil)
_96183
245 1 _aAnuario agrometeorologico 1970
260 3 _aBelem, PA (Brasil):
_c1971.
300 _a31 p.
490 _aAnuario Agrometeorologico - Instituto de Pesquisas e Experimentacao Agropecuarias do Norte (Brazil)
_vv. 4
_x
500 _aNumerical data
650 _aCLIMA
650 _aTEMPERATURA
650 _aEVAPORACAO
650 _aPRECIPITACAO PLUVIAL
650 _aBALANCO HIDRICO
650 _aPRESSAO ATMOSFERICA
650 _aBELEM
909 _a202312
_bLúcia Elande
_c55
_dLúcia Elande
942 _2AGRIS
_n0
_cMS
999 _c261356
_d261356